| 000 | 00457nam a2200181Ia 4500 | ||
|---|---|---|---|
| 003 | GCL | ||
| 008 | 140319s9999 xx 000 0 eng d | ||
| 040 |
_aGCL / _cGCL |
||
| 082 | 0 | 4 |
_a823 _bM N |
| 100 | 1 | _aMASTER'S, JOHN | |
| 245 | 1 | 0 |
_aNOW, GOD BE THANKED / _cMASTER'S, JOHN |
| 260 |
_a[S.N] : _bSPHERE BOOKS LIMITED ، _c1984 |
||
| 300 | _a699 P | ||
| 650 | 0 | 4 | _aENGLISH LITERATURE |
| 650 | 0 | 4 | _aENGLISH FICTION |
| 650 | 0 | 4 | _aFICTION |
| 942 |
_2ddc _cBK |
||
| 999 |
_c14860 _d14860 |
||